| 000 -LEADER |
| fixed length control field |
01009cam a2200229 i 4500 |
| 001 - CONTROL NUMBER |
| control field |
20182154 |
| 005 - DATE AND TIME OF LATEST TRANSACTION |
| control field |
20221108160017.0 |
| 008 - FIXED-LENGTH DATA ELEMENTS--GENERAL INFORMATION |
| fixed length control field |
171204s2018 njua b 001 0 eng c |
| 020 ## - INTERNATIONAL STANDARD BOOK NUMBER |
| International Standard Book Number |
9781119313847 (pbk.)X |
| 080 ## - UNIVERSAL DECIMAL CLASSIFICATION NUMBER |
| Universal Decimal Classification number |
376.2 E-80 |
| 245 00 - TITLE STATEMENT |
| Title |
Essentials of specific learning disability identification / |
| Statement of responsibility, etc. |
edited by Vincent C. Alfonso, Dawn P. Flanagan. |
| 250 ## - EDITION STATEMENT |
| Edition statement |
Second edition. |
| 264 #1 - PRODUCTION, PUBLICATION, DISTRIBUTION, MANUFACTURE, AND COPYRIGHT NOTICE |
| Place of production, publication, distribution, manufacture |
Hoboken, NJ : |
| Name of producer, publisher, distributor, manufacturer |
John Wiley & Sons, |
| Date of production, publication, distribution, manufacture, or copyright notice |
2018. |
| 300 ## - PHYSICAL DESCRIPTION |
| Extent |
624 pages : |
| Other physical details |
illustrations ; |
| Dimensions |
22 cm. |
| 653 ## - INDEX TERM--UNCONTROLLED |
| keyword |
სწავლის უნარის შეზღუდვა |
| 653 ## - INDEX TERM--UNCONTROLLED |
| keyword |
უნარშეზღუდული ბავშვების სწავლა |
| 653 ## - INDEX TERM--UNCONTROLLED |
| keyword |
Дети с ограниченными возможностями обучения |
| 700 1# - ADDED ENTRY--PERSONAL NAME |
| Personal name |
Alfonso, Vincent C., |
| Relator term |
რედაქტორი |
| 9 (RLIN) |
11939 |
| 700 1# - ADDED ENTRY--PERSONAL NAME |
| Personal name |
Flanagan, Dawn P., |
| Relator term |
რედაქტორი |
| 9 (RLIN) |
11940 |
| 942 ## - ADDED ENTRY ELEMENTS (KOHA) |
| Source of classification or shelving scheme |
|
| Koha item type |
წიგნი |